000 00943nam a2200265Ia 4500
003 OSt
005 20220930085457.0
006 a|||||r|||| 00| 0
007 ta
008 220926b |||||||| |||| 00| 0 eng d
024 _a100633
037 _cTheses
040 _aCRL
_cCRL
_beng
041 _2eng
_aeng
100 _aJain Geetika
_9270382
110 _aUniversity of Delhi. Faculty of Inter Disciplinary & Applied Science. Department of Electronic Science
245 0 _aDesign consideration for lithium niobate optical wave guides and erbium doped wave guide amplifiers
260 _c2009
300 _a161
_ap.
_ccm.
650 _aELECTRICAL ENGINEERING
700 _a Prof. Enakshi Khular Sharma Gu.
_9540375
700 _aUniversity of Delhi. Faculty of Inter Disciplinary & Applied Science. Department of Electronic Science
942 _cDIS
_2CC
999 _c878990
_d878990